advanced studies in media (Record no. 10424)

MARC details
000 -LEADER
fixed length control field 00395nam a22001697a 4500
003 - CONTROL NUMBER IDENTIFIER
control field OSt
005 - DATE AND TIME OF LATEST TRANSACTION
control field 20211007140204.0
008 - FIXED-LENGTH DATA ELEMENTS--GENERAL INFORMATION
fixed length control field 211007b |||||||| |||| 00| 0 eng d
020 ## - INTERNATIONAL STANDARD BOOK NUMBER
International Standard Book Number 0174900473
040 ## - CATALOGING SOURCE
Transcribing agency hu
082 ## - DEWEY DECIMAL CLASSIFICATION NUMBER
Classification number 302.2/nic
100 ## - MAIN ENTRY--PERSONAL NAME
Personal name samantha bakhurst
9 (RLIN) 11290
245 ## - TITLE STATEMENT
Title advanced studies in media
260 ## - PUBLICATION, DISTRIBUTION, ETC.
Place of publication, distribution, etc. research
Name of publisher, distributor, etc. hall
Date of publication, distribution, etc. 1998
300 ## - PHYSICAL DESCRIPTION
Extent 244
942 ## - ADDED ENTRY ELEMENTS (KOHA)
Source of classification or shelving scheme Dewey Decimal Classification
Koha item type Books like text book referance book
Suppress in OPAC No
Holdings
Withdrawn status Lost status Source of classification or shelving scheme Damaged status Not for loan Home library Current library Shelving location Date acquired Total Checkouts Full call number Barcode Date last seen Copy number Price effective from Koha item type
    Dewey Decimal Classification     Social Library Social Library General Stacks 10/07/2021   302.2/nic SHLIB 00001830 10/07/2021 1 10/07/2021 Books like text book referance book
    Dewey Decimal Classification     Social Library Social Library General Stacks 10/08/2021   302.23/NIC SHLIB 00001831 10/08/2021 2 10/08/2021 Books like text book referance book